Complete beauty book

Bibliographic Details
Main Author: Foster, Helen
Other Authors: Rocket, Kit
Format: Book
Published: UK : Parragon , 2005
Subjects:

MARC

LEADER 00000cam a2200000 7i4500
001 0000030910
005 20110414.0
008 110414
020 |a 140545489X 
090 0 0 |a 646.7   |b FOS 
100 1 |a Foster, Helen 
245 1 0 |a Complete beauty book   |c Helen Foster 
260 |a UK :   |b Parragon ,   |c 2005 
650 0 |a Beauty, Personal 
650 0 |a Cosmetics 
700 1 |a Rocket, Kit 
999 |a 0001061439   |b Book   |c Adult Collection   |e Perbadanan Perpustakaan Awam Johor